1973 1813 1782 1594 1984 1809 1111 1535 1799 1639 1285 1888 1873 1054 1229 1910 1374 1827 1553 1110 1136 1123 1123 1810 1679 1561 1364 1219 1202 1702 1719 1633 1334 1248 1881 1424 1277 1264 1206 1323 1523 1849 1331 1123 1341 1966 1437 1153 1057 1658 1761 1956 1629 1439 1293 1720 1646 1703 1637 1511 1651 1038 1074 1859 1594 1070 1598 1392 1244 1062 1593 1353 1351 1215 1882 1966 1202 1621 1196 1408 1996 1144 1503 1822 1367 1284 1667 1198 1693 1006 1139 1107 1977 1618 1208 1963 1504 1798 1643 BCNSPRNW ULIB Ver.6.0+V

เปลี่ยนเป็นภาษาไทย

Change to English
 แสดงรายละเอียดบรรณานุกรม
  กลับหน้าหลัก

Brief Record : Get Marc (ISO 2709) : E-mail record : QR code < ปิดหน้าต่าง
LEADER : 00000nam 2200000uu 4500
001    13399128917
003     ULIB
008    241030s2024||||th 000 0 tha d
020    ^a9780323832069
060 04 ^aWB141.5^bD133A
100 1  ^aDains, Joyce E.
245 10 ^aAdvanced health assessment & clinical diagnosis in primarycare /^cJoyce E. Dains, Linda Ciofu Baumann, PamelaScheibel
246 3  ^aAdvanced health assessment and clinical diagnosis inprimary care
250    ^a7th ed.
260    ^aSt. Louis, Mo. :^bMosby,^c2024
300    ^axiv, 675 p. :^bill.
650  2 ^aDiagnosis, Differential
650  2 ^aDiagnostic Techniques and Procedures
650  2 ^aPrimary Health Care
700 1  ^aBaumann, Linda Ciofu
700 1  ^aScheibel, Pamela
945    ^p3247^l0^i011165
999    ^aประนอม เกษจรัล
รายการนี้ยังไม่มีแท็ก
คุณยังไม่ได้ล็อกอิน คุณสามารถมีกิจกรรมร่วมกับเว็บไซต์ได้ แต่ต้องล็อกอินก่อน ::
  ล็อกอิน

รายการสื่อสารสนเทศ

ลำดับที่ ประเภท เลขเรียก/บาร์โค้ด สถานที่ สถานะ
1. วิทยาศาสตร์การแพทย์ และสุขภาพ
หนังสือสำรอง
สถานะ=หนังสือสำรอง
WB141.5 D133A ฉ.1 
  Barcode: 011165
ห้องสมุดวิทยาเขตสวรรค์ประชารักษ์
►หนังสือทั่วไป
บนชั้น

รายการใกล้เคียง
    ผู้แต่ง [Dains, Joyce E.]

    หัวเรื่อง [Diagnosis, Differential]
    หัวเรื่อง [Diagnostic Techniques and Procedures]
    หัวเรื่อง [Primary Health Care]

BibComment


ยังไม่เคยถูกคอมเมนท์

คอมเมนท์ทรัพยากรรายการนี้
  คอมเมนท์: Advanced health ..


 Copyright 2026. Bcnsprnw @Library